000 00993nam a22002537a 4500
005 20240530110356.0
008 150106s2010 ua d f 001 0 ara d
017 _a2009/20137
_bمصر . دار الكتب المصرية
020 _a9789773831920
040 _aEG-CaGPL
041 0 _aara
082 0 4 _221
_a621.38\
_bم ا
100 0 _aمجدى صبحى نظير
245 1 2 _aالالكترونيات و الاتصالات عن بعد =
_bElectronics & telecommunications /
_cمجدى صبحى نظير
250 _aط1
260 _aالقاهرة :
_bايتراك للطباعة و النشر و التوزيع ،
_c2010
300 _a630 ص :
_bايض ؛
_c24 سم
490 _aسلسلة الفيزياء المتقدمة ؛
_v5
650 0 4 _aالاتصالات الالكترونية
650 0 4 _aالاتصالات السلكية و اللاسلكية
650 0 4 _aالاتصالات عن بعد
942 _2ddc
_cBK
999 _c60162
_d60162